000 00269nam a2200109Ia 4500
008 200302s9999 xx 000 0 und d
100 _aJane Fa Wcett & Other
245 _aSeven Victorian Architects
260 _bThames and Hudson Ltd.
260 _c1976
300 _a160 P.,
999 _c158
_d158